[Event "Schweinfurt op 29th"]
[Site "Schweinfurt"]
[Date "2019.06.20"]
[Round "1"]
[White "Kuhn, Norbert"]
[Black "Brodt, Andreas"]
[Result "1-0"]
[WhiteElo "2045"]
[BlackElo "1696"]
[PlyCount "99"]
[EventDate "2019.06.20"]
[EventType "swiss"]
[EventRounds "7"]
[EventCountry "GER"]
[SourceTitle "CBM 191 Extra"]
[Source "ChessBase"]
[SourceDate "2019.09.30"]
[SourceVersion "1"]
[SourceVersionDate "2019.09.30"]
[SourceQuality "1"]

1. e4 c5 2. Nf3 d6 3. Bb5+ Bd7 4. Bxd7+ Nxd7 5. 0-0 g6 6. c3 Bg7 7. d4 cxd4 8. cxd4 Ngf6 9. Nc3 0-0 10. Bg5 Nb6 11. Qd3 a6 12. Rac1 Rc8 13. b3 Nfd7 14. Rfe1 f6 15. Be3 e6 16. h3 f5 17. Qd2 Rxc3 18. Rxc3 fxe4 19. Ng5 Qe7 20. Nxe4 Nd5 21. Bg5 Bf6 22. Nxf6+ N7xf6 23. Rf3 Rf7 24. Qe2 Nc7 25. Bxf6 Rxf6 26. Rxf6 Qxf6 27. Qe4 d5 28. Qe5 Qxe5 29. Rxe5 Kf7 30. a4 b5 31. Kf1 bxa4 32. bxa4 a5 33. Re1 Na6 34. Ke2 Ke7 35. Ke3 Kd6 36. Rc1 Nb4 37. Rc8 Nc6 38. Rh8 h5 39. Rg8 Ne7 40. Rd8+ Kc7 41. Ra8 Nc6 42. h4 Kd7 43. f3 Kd6 44. g4 e5 45. dxe5+ Kxe5 46. gxh5 d4+ 47. Kd3 gxh5 48. Rh8 Nb4+ 49. Kd2 Kf4 50. Rxh5 1-0

[Event "Unterfranken-ch69 HT"]
[Site "Schweinfurt"]
[Date "2018.04.04"]
[Round "4"]
[White "Nicola, Marius"]
[Black "Brodt, Andreas"]
[Result "0-1"]
[WhiteElo "1491"]
[BlackElo "1784"]
[PlyCount "132"]
[EventDate "2018.04.02"]
[EventType "swiss"]
[EventRounds "9"]
[EventCountry "GER"]
[SourceTitle "EXT 2019"]
[Source "ChessBase"]
[SourceDate "2018.10.10"]
[SourceVersion "1"]
[SourceVersionDate "2018.10.10"]
[SourceQuality "1"]

1. e4 c5 2. Nf3 d6 3. d4 cxd4 4. Nxd4 Nf6 5. Nc3 a6 6. Be3 e6 7. g4 g6 8. g5 Nfd7 9. Qd2 b5 10. a3 Bb7 11. Bg2 Ne5 12. b3 Nbc6 13. Nxc6 Nxc6 14. 0-0-0 Qc7 15. Bd4 e5 16. Be3 0-0-0 17. f3 Qa5 18. a4 Qb4 19. Nd5 Qa3+ 20. Kb1 bxa4 21. bxa4 Kd7 22. Qc3 Qxc3 23. Nxc3 Be7 24. Bb6 Rb8 25. a5 Bxg5 26. Bh3+ Ke7 27. Nd5+ Kf8 28. Bc7 Kg7 29. Nb6 Ba8 30. Rd5 Rb7 31. Bxd6 Nxa5 32. Bxe5+ f6 33. Bd4 Rxb6+ 34. Bxb6 Bxd5 35. Bxa5 Rb8+ 36. Ka1 Rb5 37. Bc3 Bc6 38. Bb2 Bf4 39. Be6 Rh5 40. h3 Ra5+ 41. Kb1 Rb5 42. Bb3 Bd7 43. Ba4 Rxb2+ 44. Kxb2 Bxa4 45. Ra1 Bb5 46. Re1 h5 47. Kb3 Bg3 48. Rd1 h4 49. c4 Bc6 50. Kb4 Be8 51. Ka5 Kf7 52. Kxa6 Ke7 53. Kb7 Ba4 54. Ra1 Bd7 55. Rh1 Bd6 56. Kb6 Kd8 57. c5 Bc7+ 58. Ka6 Bc6 59. Rd1+ Ke7 60. Rd3 Ke6 61. Rd1 Ke5 62. Rd3 Kf4 63. Rb3 Ba4 64. Rb6 Bxb6 65. cxb6 Bc6 66. b7 Bxb7+ 0-1

[Event "Schweinfurt op 26th"]
[Site "Schweinfurt"]
[Date "2016.05.29"]
[Round "7"]
[White "Brodt, Andreas"]
[Black "Scheifele, Paul"]
[Result "0-1"]
[WhiteElo "1853"]
[BlackElo "1286"]
[PlyCount "100"]
[EventDate "2016.05.26"]
[EventType "swiss"]
[EventRounds "7"]
[EventCountry "GER"]
[SourceTitle "CBM 172 Extra"]
[Source "ChessBase"]
[SourceDate "2016.06.21"]
[SourceVersion "1"]
[SourceVersionDate "2016.06.21"]
[SourceQuality "1"]

1. d4 d5 2. c4 c6 3. Nc3 Nf6 4. Nf3 Bf5 5. Ne5 h6 6. e3 e6 7. Bd3 Bxd3 8. Qxd3 Nbd7 9. Bd2 Qc7 10. f4 a6 11. c5 Be7 12. h3 g5 13. 0-0-0 a5 14. e4 a4 15. exd5 Nxd5 16. Nxd5 cxd5 17. Kb1 Nxe5 18. fxe5 Qc6 19. a3 b6 20. cxb6 Qxb6 21. Rc1 Rb8 22. Rc2 Kf8 23. g4 Kg7 24. Rh2 Rhc8 25. Bc1 Rxc2 26. Rxc2 Qb3 27. Rc3 Qb6 28. Qe3 Kg6 29. Qd3+ Kg7 30. Qd1 Qa7 31. Qd2 Qb6 32. h4 Qa7 33. hxg5 Bxg5 34. Qf2 Qe7 35. Bxg5 Qxg5 36. Rf3 Qg6+ 37. Ka2 Rf8 38. g5 hxg5 39. Rc3 f6 40. Rf3 g4 41. Rf4 f5 42. Qg3 Qh5 43. Rf2 Rc8 44. Qf4 Kg6 45. Rh2 Qg5 46. Qg3 Rc1 47. Rh8 Kg7 48. Qh2 Qg6 49. Qh4 f4 50. Qd8 Qb1# 0-1

[Event "Schweinfurt op 23rd"]
[Site "Schweinfurt"]
[Date "2013.06.02"]
[Round "6"]
[White "Schmitz, Wolfgang"]
[Black "Brodt, Andreas"]
[Result "1-0"]
[WhiteElo "2070"]
[BlackElo "1601"]
[PlyCount "69"]
[EventDate "2013.05.30"]
[EventType "swiss"]
[EventRounds "7"]
[EventCountry "GER"]
[SourceTitle "CBM 154 Extra"]
[Source "ChessBase"]
[SourceDate "2013.06.25"]
[SourceVersion "2"]
[SourceVersionDate "2013.06.25"]
[SourceQuality "1"]

1. e4 c5 2. Nf3 e6 3. d4 cxd4 4. Nxd4 Nc6 5. Be3 g6 6. c4 a6 7. Nc3 Bg7 8. Be2 Nge7 9. 0-0 0-0 10. c5 Nxd4 11. Bxd4 Bxd4 12. Qxd4 Nc6 13. Qe3 f5 14. f4 Rb8 15. Na4 Qa5 16. Nb6 fxe4 17. a3 Rf5 18. b4 Nxb4 19. axb4 Qxb4 20. Rfb1 Qxc5 21. Qxc5 Rxc5 22. Rc1 Rc6 23. Rab1 d5 24. Kf2 Kg7 25. g4 h6 26. Ke3 Kf6 27. Nxd5+ exd5 28. Rxc6+ Kf7 29. Rc7+ Ke8 30. Rb6 Kd8 31. Rg7 Bd7 32. Rd6 Kc7 33. Rgxd7+ Kc8 34. Rh7 b5 35. Rxg6 1-0

[Event "Schweinfurt op 23rd"]
[Site "Schweinfurt"]
[Date "2013.05.30"]
[Round "2"]
[White "Scheming, Anna Marie"]
[Black "Brodt, Andreas"]
[Result "1-0"]
[WhiteElo "1133"]
[BlackElo "1601"]
[PlyCount "117"]
[EventDate "2013.05.30"]
[EventType "swiss"]
[EventRounds "7"]
[EventCountry "GER"]
[SourceTitle "CBM 154 Extra"]
[Source "ChessBase"]
[SourceDate "2013.06.25"]
[SourceVersion "2"]
[SourceVersionDate "2013.06.25"]
[SourceQuality "1"]

1. d4 Nf6 2. Bf4 e6 3. e3 Be7 4. Be2 h6 5. h3 Nd5 6. Bh2 Bg5 7. Nf3 Bf6 8. 0-0 d6 9. c3 a6 10. Nbd2 g5 11. e4 Nf4 12. Nc4 b5 13. Ne3 e5 14. dxe5 dxe5 15. Qxd8+ Kxd8 16. Bxf4 gxf4 17. Rad1+ Ke8 18. Nd5 Bd8 19. Nxe5 f6 20. Bh5+ Kf8 21. Ng6+ Kg7 22. Nxh8 Kxh8 23. Nxf4 Nc6 24. Rd3 Bb7 25. Rg3 Ne5 26. Ng6+ Nxg6 27. Rxg6 Kh7 28. Rd1 Bc6 29. e5 Be8 30. Rg3 Bxh5 31. Rd7+ Kh8 32. Rdg7 Be7 33. Rxe7 fxe5 34. Rxe5 Bf7 35. Re7 Rf8 36. Rxc7 h5 37. Rc6 Kh7 38. Rxa6 h4 39. Rg4 Re8 40. Rxh4+ Kg7 41. Ra7 Re1+ 42. Kh2 Re6 43. Rg4+ Kf8 44. Rf4 Re7 45. Rxe7 Kxe7 46. h4 Bxa2 47. h5 Bb1 48. h6 Bd3 49. g4 Bg6 50. g5 Bh7 51. Rg4 Bg6 52. Rb4 Kf7 53. Rxb5 Bd3 54. Rb7+ Kg8 55. Kg3 Be4 56. Rc7 Kh8 57. Kf4 Bg6 58. Ke5 Bh5 59. g6 1-0

[Event "Unterfranken-ch HA 63th"]
[Site "Schweinfurt"]
[Date "2012.04.12"]
[Round "6"]
[White "Brodt, Andreas"]
[Black "Raaber, Arthur"]
[Result "1/2-1/2"]
[WhiteElo "1579"]
[BlackElo "1591"]
[PlyCount "120"]
[EventDate "2012.04.09"]
[EventType "swiss"]
[EventRounds "9"]
[EventCountry "GER"]
[SourceTitle "EXT 2015"]
[Source "ChessBase"]
[SourceDate "2014.11.20"]
[SourceVersion "1"]
[SourceVersionDate "2014.11.20"]
[SourceQuality "1"]

1. e4 d5 2. exd5 Qxd5 3. Nc3 Qa5 4. Nf3 Bg4 5. Be2 e6 6. 0-0 Nf6 7. d4 c6 8. Ne5 Bxe2 9. Qxe2 Bd6 10. Bf4 Qc7 11. g3 0-0 12. Ne4 Nd5 13. Nxd6 Nxf4 14. gxf4 Qxd6 15. c3 Nd7 16. Nxd7 Qxd7 17. Rad1 Rad8 18. b3 Qd6 19. Qe3 Rd7 20. Qe5 Rfd8 21. Rfe1 g6 22. b4 b6 23. Rd3 c5 24. bxc5 bxc5 25. Red1 Qxe5 26. fxe5 Kg7 27. f4 h6 28. Kf2 g5 29. fxg5 hxg5 30. Kf3 cxd4 31. Rxd4 Rxd4 32. Rxd4 Rc8 33. c4 Rc5 34. Ke4 f5+ 35. exf6+ Kxf6 36. Kd3 Ra5 37. h4 gxh4 38. Rxh4 Rxa2 39. c5 Ra6 40. Rb4 Ke7 41. Rb7+ Kd8 42. Kc4 Rc6 43. Kb5 Rc7 44. Rb8+ Kd7 45. Rh8 Rb7+ 46. Ka6 Rc7 47. Kb5 e5 48. Rh6 Rb7+ 49. Kc4 Rb1 50. Ra6 e4 51. Rxa7+ Kc6 52. Ra6+ Kd7 53. Kd5 e3 54. Ra7+ Kd8 55. Ra2 Rd1+ 56. Ke4 Rc1 57. Kd4 Rd1+ 58. Kxe3 Kc7 59. Ra6 Rd5 60. Ra5 Kc6 1/2-1/2

[Event "Bochum-ch"]
[Site "Bochum"]
[Date "2000.12.11"]
[Round "9"]
[White "Schreck, Peter"]
[Black "Brodt, Andreas"]
[Result "0-1"]
[WhiteElo "1548"]
[BlackElo "1563"]
[PlyCount "78"]
[EventDate "2000.10.09"]
[EventType "swiss"]
[EventRounds "9"]
[EventCountry "GER"]
[SourceTitle "EXT 2006"]
[Source "ChessBase"]
[SourceDate "2005.11.24"]
[SourceVersion "1"]
[SourceVersionDate "2005.11.24"]
[SourceQuality "1"]

1. Nf3 g6 2. g3 Bg7 3. Bg2 Nf6 4. 0-0 0-0 5. d4 d6 6. c4 c5 7. dxc5 dxc5 8. Qb3 Qb6 9. Nbd2 Nc6 10. Qxb6 axb6 11. b3 Nd7 12. Rb1 Rxa2 13. e3 Rd8 14. Ne4 Nf8 15. Ned2 Bf5 16. e4 Bg4 17. h3 Bc8 18. Rd1 Ne6 19. Kf1 Bc3 20. Kg1 Ncd4 21. Nf1 Ne2+ 22. Kh2 Rxd1 23. Ne3 Rxc1 24. Rxc1 Nxc1 25. Nd5 Kf8 26. Nxc3 Rxf2 27. Nd5 Bd7 28. Kg1 Rb2 29. Nxb6 Bc6 30. Ne5 Rxb3 31. Nc8 Rxg3 32. Kh2 Rxg2+ 33. Kxg2 Bxe4+ 34. Kg3 f6 35. Nd7+ Ke8 36. Ndb6 Kd8 37. Na7 Kc7 38. Nd5+ Bxd5 39. cxd5 Nd4 0-1